নারীর আর্থ সামাজিক উন্নয়ন ও ক্ষমতায়নে সিভিডিপির প্রভাব = Impact of CVDP on Socio Economic Development and Empowerment of Females / (Record no. 39826)
[ view plain ]
| 000 -LEADER | |
|---|---|
| fixed length control field | 01385nam a2200265 a 4500 |
| 001 - CONTROL NUMBER | |
| control field | 39826 |
| 003 - CONTROL NUMBER IDENTIFIER | |
| rucl marc code | BD-RjUL |
| 005 - DATE AND TIME OF LATEST TRANSACTION | |
| control field | 20211209053051.0 |
| 008 - FIXED-LENGTH DATA ELEMENTS--GENERAL INFORMATION | |
| fixed length control field | 160418s2012 bg ||||| |||| 00| 0 ben d |
| 020 ## - INTERNATIONAL STANDARD BOOK NUMBER | |
| International Standard Book Number | 9789845591843 |
| Terms of availability | : Tk.200.00 |
| 035 ## - SYSTEM CONTROL NUMBER | |
| System control number | (BD-RjUL)39939 |
| 040 ## - CATALOGING SOURCE | |
| Original cataloging agency | BD-RjUL |
| Language of cataloging | ben |
| Transcribing agency | BD-RjUL |
| 041 ## - LANGUAGE CODE | |
| Language code of text/sound track or separate title | ben |
| 082 ## - DEWEY DECIMAL CLASSIFICATION NUMBER | |
| Edition number | 23 |
| Classification number | 305.42095492 |
| Author mark and year | NAR 2012 |
| 245 ## - TITLE STATEMENT | |
| Title | নারীর আর্থ সামাজিক উন্নয়ন ও ক্ষমতায়নে সিভিডিপির প্রভাব = Impact of CVDP on Socio Economic Development and Empowerment of Females / |
| Statement of responsibility, etc. | নূরুন নাহার, নাছিমা আক্তার, সাইফুন নাহার, মোঃ আবু তালেব |
| 260 ## - PUBLICATION, DISTRIBUTION, ETC. (IMPRINT) | |
| Place of publication, distribution, etc. | কুমিল্লা : |
| Name of publisher, distributor, etc. | বাংলাদেশ পল্লী উন্নয়ন একাডেমী, |
| Date of publication, distribution, etc. | ২০১২ |
| 300 ## - PHYSICAL DESCRIPTION | |
| Pagination | ৮৪ পৃ. ; |
| Size | ২৩ সে.মি. |
| 650 ## - SUBJECT ADDED ENTRY--TOPICAL TERM | |
| Topical term or geographic name as entry element | নারী |
| Form subdivision | সামাজিক অবস্থা |
| Geographic subdivision | বাংলাদেশ |
| 9 (RLIN) | 122678 |
| Topical term or geographic name as entry element | Women |
| Form subdivision | Social Condition |
| Geographic subdivision | Bangladesh |
| 9 (RLIN) | 122679 |
| 700 ## - ADDED ENTRY--PERSONAL NAME | |
| Personal name | বেগম, নূরুন নাহার |
| Personal name | আক্তার, নাছিমা |
| Personal name | নাহার, সাইফুন |
| Personal name | তালেব, মোঃ আবু |
| 942 ## - ADDED ENTRY ELEMENTS (KOHA) | |
| Source of classification or shelving scheme | Dewey Decimal Classification |
| Koha item type | Books |
| Lost status | Source of classification or shelving scheme | Damaged status | Not for loan | Collection code | Permanent Location | Current Location | Shelving location | Date acquired | Source of acquisition | Cost, normal purchase price | Total Checkouts | Full call number | Date last seen | Copy number | Koha item type |
|---|---|---|---|---|---|---|---|---|---|---|---|---|---|---|---|
| Dewey Decimal Classification | Not For Loan | Non-fiction | Central Library, University of Rajshahi | Central Library, University of Rajshahi | Reading Room | 21/08/2013 | Author gift | 200.00 | B 305.42095492 NAR 2012 | 18/04/2016 | C-1 | Books |